| 000 | 00991nam a2200301 i 4500 | ||
|---|---|---|---|
| 001 | 61272 | ||
| 003 | ES-MaACL | ||
| 005 | 20250819170423.0 | ||
| 007 | t| | ||
| 008 | 031111s1980 mx ||||1| spa d | ||
| 020 | _a84-323-0392-5 | ||
| 080 | _a396"18/19" | ||
| 100 | 1 |
_aEvans, Richard J. _948369 |
|
| 245 | 1 | 4 |
_aLas feministas : _blos movimientos de emancipación de la mujer en Europa, América y Australasia, 1840-1920 / _cpor Richard J. Evans ; traducción de Bárbara McShane y Javier Alfaya. |
| 250 | _a1ª ed. | ||
| 260 |
_aMéxico ; _aMadrid : _bSiglo Veintiuno, _c1980. |
||
| 300 |
_a314 p. ; _c21 cm. |
||
| 490 | 1 | _aHistoria | |
| 500 | _aÍndices. | ||
| 504 | _aBibliografía: p. 300-302. | ||
| 650 | 4 |
_aFeminismo- _yS.XIX. _9166952 |
|
| 650 | 7 |
_aFeminismo- _yS.XX _2 _9149100 |
|
| 700 | 1 |
_aMcShane, Barbara. _975279 |
|
| 700 | 1 |
_aAlfaya, Javier, _d1939-2018 _919827 |
|
| 830 | 1 |
_aHistoria _9177536 |
|
| 852 | 4 |
_aES-MaACL _jG-2637 |
|
| 999 |
_c61272 _d61272 |
||